=LDR 00000nam 2200000 4500 =001 INLIS000000000015067 =005 20130612110340 =008 ***********************************Ind** =035 ##$$0010-061300000015067 =041 ##$$a Ind =082 ##$$a 658.3 =090 ##$$a 658.3, MAY-s =100 ##$$a May, Sheila =245 ##$$a Studi Kasus untuk Karyawan dan Usahawan, Sheila May =260 ##$$a 19923 $b Jakarta =300 ##$$a X, 121 hlm, Ilus, 21 cm =650 ##$$a Manajemen Kepegawaian =700 ##$$a Tamiran, Surya =850 ##$$a NBPNMAT